000
00288nam a2200121Ia 4500
008
190216s9999||||xx |||||||||||||| ||und||
100
_a
Sophocles
245
0
_a
Oedipus Colonusil
260
_b
Published By The Author
_c
1966
300
_a
100p
650
_a
Malayalam Nadakam
942
_c
BK
999
_c
26405
_d
26405